Statystyki dla Kraje świata z najmniejszym odsetkiem użytkowników internetu

Kliknij tutaj aby rozwiązać quiz!

Ogólne statystyki

  • Ten quiz został rozwiązany 39 razy
  • Średni wynik to 7 z 15

Statystyki odpowiedzi

Odsetek użytkowników internetuPaństwo% Poprawnych
0,1% (2016)Korea Północna
81%
4% (2017)Demokratyczna Republika Konga
73%
2% (2017)Niger
65%
1,1% (2017)Czad
54%
7% (2017)Gwinea
54%
6% (2016)Somalia
54%
1,3% (2017)Erytrea
51%
6% (2017)Mozambik
51%
6% (2016)Togo
51%
4% (2017)Burundi
46%
5% (2017)Republika Środkowoafrykańska
46%
5% (2016)Sierra Leone
41%
7% (2017)Komory
32%
5% (2017)Madagaskar
32%
5% (2018)Tonga
5%

Rozkład punktacji

Percentyl według liczby udzielonych odpowiedzi

Procent ludzi z każdym wynikiem

Twoja historia wyników

Nie rozwiązałeś tego quizu